00356 a2200109 4500001001000000005001700010008004100027245009100068100002000159773005000179999001700229ART_3128120260410161840.0260409a 10aNaturaleza jurídica de los actos emanados de los Colegios y/o Consejos Profesionales1 aEchen, Diego E.0 tRAPg- Año 36, Nº 422 (nov. 2013)wREV5941 c24018d24018